000 00588nam a22002177a 4500
005 20170124110054.0
010 _a469276
020 _c00.00
035 _a469276
037 _bCen Lib/Ret
040 _aDPL
_bEN
082 _a655.4
_bESC
100 _aEscarpit, Robert
_926050
245 _aThe book revolution /
_cby Robert Escarpit
260 _aLondon
_bGeorge G. Harrap
_c1966
270 _bLondon
_a182 High Holborn
300 _a160p.
_c21cm(Hb)
650 _aBook industries and trade
_926051
650 _aBoeken
_926052
942 _2ddc
_cEN
_h655.4
_mESC
999 _c129331
_d129331